000 00786nam a22002297a 4500
008 170506s1997 sp||||| |||| 00| 0 spa d
082 0 4 _a708
_bN798ni
100 1 _aNolte, Nina.
_95790
245 1 0 _aNina Nolte /
_cNina Nolte ; editado por Fabien Fryns.
250 _a1a ed.
260 _aMarbella, España :
_bHispano Commerzbank,
_c1997.
300 _a32 p.
_bil. col.
500 _aCatálogo publicado con motivo a la exhibición "Nina Nolte", presentada en Fabien Fryns Contemporary Art, de mayo a julio de 1997.
653 1 0 _aArte contemporáneo
653 1 0 _aCatálogo de exhibición
653 1 0 _aExhibiciones
653 1 0 _aArte - El Salvador
653 1 0 _aArte - España
653 1 0 _aPintura acrílica
653 1 0 _aPintores
700 1 _aFryns, Fabien.
_eeditor.
_95793
999 _c1183
_d1183